2015 Rugby World Cup Referees - Statistics

General Stats
  • This quiz has been taken 44 times
  • The average score is 7 of 19
Answer Stats
Country Answer % Correct
WAL Nigel Owens
86%
ENG Wayne Barnes
83%
SAF Craig Joubert
81%
FRA Romain Poite
61%
NZL Glen Jackson
56%
NZL Chris Pollock
53%
IRE George Clancy
50%
FRA Jerome Garces
42%
SAF Jaco Peyper
39%
NZL Mike Fraser
22%
ENG JP Doyle
19%
AUS Angus Gardner
17%
IRE John Lacey
14%
FRA Mathieu Raynal
14%
FRA Pascal Gauzere
14%
SAF Stuart Berry
14%
WAL Leighton Hodges
11%
ARG Federico Anselmi
8%
ITA Marius Mitrea
8%
No matching quizzes found
Score Distribution
Percent of People with Each Score
Percentile by Number Answered
Your Score History
You have not taken this quiz